Les geometries
Αποθηκεύτηκε σε:
| Κύριος συγγραφέας: | |
|---|---|
| Μορφή: | Βιβλίο |
| Γλώσσα: | French |
| Δημοσίευση: |
Paris :
Librairie armand colin,
1941
|
| Έκδοση: | 2e ed. |
| Σειρά: | Collection Armand Colin. Section de mathématique.
|
| Θέματα: | |
| Ετικέτες: |
Προσθήκη ετικέτας
Δεν υπάρχουν, Καταχωρήστε ετικέτα πρώτοι!
|
MARC
| LEADER | 00000cam a2200000 i 4500 | ||
|---|---|---|---|
| 001 | 1/7301 | ||
| 008 | 100510s1941 fre d | ||
| 035 | |l 10107813 | ||
| 040 | |a GR-MY-UA |b gre |e aacr | ||
| 041 | 0 | |a fre | |
| 082 | 0 | |a 516 |2 (22) | |
| 100 | 1 | |a Godeaux, Lucien, |d 1887-1975. | |
| 245 | 1 | 4 | |a Les geometries / |c par Lucien Godeaux |
| 250 | |a 2e ed. | ||
| 260 | |a Paris : |b Librairie armand colin, |c 1941 | ||
| 300 | |a 215 σ.; |b εικ.; |c 17 εκ. | ||
| 490 | 1 | |a Collection Armand Colin. section de mathematique |v ; 206 | |
| 504 | |a Βιβλιογραφία: σ. 211-212 | ||
| 650 | 0 | 0 | |a Geometry. |
| 830 | 0 | |a Collection Armand Colin. |p Section de mathématique. | |
| 852 | |a INST |b SAMOS |c MAG |e 20100510 |h 516 GOD |p 005300031909 |q 005300031909 |t BK |y 0 | ||
| 901 | |a BIBL3-2010-2 | ||
| 909 | |a Σ |b 162293 | ||
| 970 | |a ΣΙΤΖΙΜΗ |b ΓΙΑΣΕΜΗ |z 2010/05/10 | ||